000 01325nam0a2200313 4500
001 RU\NLR\bibl\970173
005 20250614211121.0
035 _a(NLR Aleph) 000958139
090 _a322285
_c322285
100 _a20060724d2004 |||y0rusy50 ca
101 0 _arus
102 _aRU
106 _as
200 1 _aБерельский курган
_bЭлектроннный ресурс
_eмультимедийная презентация
_fразраб.: Гайдин Олег Мстиславович [и др.]
210 _aАлматы
_cRGB-studio
_d2004
215 _a1 электрон. опт. диск (CD-ROM)
_d12
230 _aЭлектрон. дан.
300 _aЗагл. диска: Берел
337 _aМинимальные системные требования: Windows 98SE/ME/2000/XP ; Pentium III 1.5 ГТц ; 256 МБ ОЗУ ; 24x CD-ROM ; Клавиатура ; Мышь
517 1 _aБерел
607 _aБерельский курган (Алтай)
_xАрхеологическое изучение
_92461005
_3RU\NLR\auth\661462332
686 _aТ4(2)275.11
702 1 _aГайдин
_bО. М.
_gОлег Мстиславович
_4570
801 0 _aRU
_bNLR
_c20060724
_grcr
801 1 _aRU
_bNLR
_c20060724
942 _cBOOK
980 _aNB